01141 a2200205 45000010006000000050017000060080041000230030015000640400040000790800048001192450035001670200022002022640033002243000026002575050467002830410008007501000031007587000022007898560124008112457720260407155529.0260407a2012 arg spa dAR-UNSa-BCEJYS aAR-UNSa-BCEJYSbspacAR-UNSa-BCEJYS a347.7xDerecho Mercantil. Derecho Comercial10aElementos de derecho comercial a978-987-03-2258-0 1aBuenos Aires :bLa Leyc2012 axlvii, 921 p.c24 cm. a1. Antecedentes, nociones y legislación - 2. Resolución de conflictos - 3. Fuentes del derecho comercial - 4. El comerciante - 5. Contratos comerciales y protección de los consumidores - 6. Mercados financiero y bancario - 7. Garantías - 8. Títulos de crédito - 9. Sociedades comerciales - 10. Concursos - 11. Seguros y derecho industrial - 12. Derecho aeronáutico - 13. Derecho de la navegación marítima - 14. Derecho de los recursos naturales aspa1 aGerscovich, Carlos Gustavo1 aGebhardt, Marcelo41uhttps://biblioeco.unsa.edu.ar/pmb/images/libros/Elementos de Derecho Comercial(2012).jpgyImagen de portadaqimage/jpeg